Qué, cómo y cuándo llevar a cabo el proceso de identificación del alumno superdotado y con talento en el marco escolar: la identificación dentro del ámbito instruccional en sus primeras etapas educativas
Gardado en:
| Main Authors: | , |
|---|---|
| Formato: | Libro |
| Idioma: | Lingua castelá |
| Publicado: |
Barcelona
CIMS
1997
|
| Subjects: | |
| Tags: |
Engadir etiqueta
Sen Etiquetas, Sexa o primeiro en etiquetar este rexistro!
|
MARC
| LEADER | 00000nam a2200000 a 4500 | ||
|---|---|---|---|
| 001 | UCQ9800 | ||
| 003 | CL-VaPUC | ||
| 008 | 990121e19970000SP |||||||||||||||||spa|d | ||
| 082 | 0 | 4 | |a 371.95 |b GON |2 21 |
| 100 | 0 | |a González Gómez, María Carlota |e author |9 424447 | |
| 700 | 0 | |a González Gómez, Juan Pablo |e author |9 424448 | |
| 245 | 1 | 0 | |a Qué, cómo y cuándo llevar a cabo el proceso de identificación del alumno superdotado y con talento en el marco escolar: la identificación dentro del ámbito instruccional en sus primeras etapas educativas |
| 300 | |a 292 p | ||
| 942 | |c BK | ||
| 945 | |d 19990121 00:00:00 |a aarredon | ||
| 260 | |a Barcelona |b CIMS |c 1997 | ||
| 650 | 7 | |a EDUCACION DE SUPERDOTADOS |2 CL-VaPUC |9 405724 | |
| 650 | 7 | |a SUPERDOTADOS |2 CL-VaPUC |9 357545 | |
| 650 | 0 | |a Alumnos superdotados |9 414508 | |
| 650 | 0 | |a Evaluación de la educación |9 237505 | |
| 650 | 0 | |a Inteligencia |9 267038 | |
| 583 | |a last modification |c 19990121 00:00:00 |k Rodrigo Vera | ||
| 999 | |c 278702 |d 278700 | ||
| 952 | |0 0 |1 0 |4 0 |6 371_950000000000000_GON_1997 |7 0 |8 A |9 317428 |a BIBEDU |b BIBEDU |d 2019-11-20 |i 3494349 |o 371.95 GON 1997 |p 3494349 |r 2019-11-20 |w 2019-11-20 |y BK |k BME | ||